000 00305nam a22001097a 4500
008 160713b xxu||||| |||| 00| 0 eng d
100 _92782
_aTeachers Guide for Sunbrust
245 _aTeachers Guide for Sunbrust
260 _aBoston
_bBoston
_c1976
300 _aTeachers Guide for Sunbrust
942 _2ddc
_cBK
999 _c2401
_d2401